000
00287nam a2200121Ia 4500
008
190216s9999||||xx |||||||||||||| ||und||
100
_a
Vailoppilli Sreedhara Menon
245
0
_a
Sree Regha
260
_b
National Book Stall
_c
1978
300
_a
110p
650
_a
Kavithkal
942
_c
BK
999
_c
23869
_d
23869